000 00379pab a2200145 454500
008 180718b1985 xxu||||| |||| 00| 0 eng d
100 _aCalvo, Guillermo A.
245 _aThe inefficiency of unemployment
_bThe supervision perspective
260 _c1985
300 _a373-97
362 _aMay
650 _aUnemployment
773 _aQuarterly Jr. of Economics
909 _a19972
999 _c19972
_d19972